| 000 | 01095nam a22002297a 4500 | ||
|---|---|---|---|
| 005 | 20220307105112.0 | ||
| 008 | 220305b ||||| |||| 00| 0 eng d | ||
| 020 | _a9789381437919 | ||
| 040 | _cAloy | ||
| 041 | _akan | ||
| 082 |
_223 _a338.5K _bGOWP |
||
| 100 |
_aH R Krishnnaiah Gowda: ಎಚ್ ಆರ್ ಕೃಷ್ಣಯ್ಯ ಗೌಡ _922951 |
||
| 245 |
_aProwda Shookshma Arthika Sidhantha: ಪ್ರೌಢ ಸೂಕ್ಷ್ಮ ಆರ್ಥಿಕ ಸಿದ್ಧಾಂತ: _bAdvanced Micro Economic Theory |
||
| 260 |
_aMaisuru _bMaisuru Book House- _c2021 |
||
| 300 |
_axxiii,944 p. _bPB _c21x13 cm. |
||
| 365 |
_2Political Science _a6190 _b440.00 _c₹ _d550.00 _e20% _f1-03-2022 |
||
| 650 |
_aBedikeya Siddhanta: ಬೇಡಿಕೆಯ ಸಿದ್ಧಾಂತ _922916 |
||
| 650 |
_aPuraikeya Vishleshane: ಪೂರೈಕೆಯ ವಿಶ್ಲೇಷಣೆ _922917 |
||
| 650 |
_aUtpadana Siddhanta: ಉತ್ಪಾದನ ಸಿದ್ಧಾಂತ _922918 |
||
| 700 |
_aGOWDA (H R Krishnnaiah): ಗೌಡ (ಎಚ್ ಆರ್ ಕೃಷ್ಣಯ್ಯ) _922919 |
||
| 942 |
_2ddc _cBK |
||
| 999 |
_c221740 _d221740 |
||